LEADER 01190nam a2200265 u 4500 001 000000116534 003 CaOOAMICUS 005 20090630151636.0 008 090630s2009 it u000 u ita r 020 $z978-88-311-3370-8* 040 $aPUL$bita$dLDB 100 1 $aParadiso, Marcello,$d1953-$0(OLS)http://pul/name/70457 245 10$aNell'intimo di Dio :$bla teologia trinitaria di Hans Urs von Balthasar /$cMarcello Paradiso. 260 $aRoma :$bCittà Nuova,$cc2009. 300 $a479 p. ;$c21 cm 490 1 $aCollana di teologia ;$v65 504 $aBibliografia: p. 439-463. 600 14$aBalthasar, Hans Urs von,$ccard.,$d1905-1988$xTeologia.$0(OLS)http://pul/subject/23332 830 0$aCollana di teologia ;$v65.$0(OLS)http://pul/title/18581 850 $aPUL 852 $aPUL$W1$xSL Religione 3$y85$m231. 044 PARMA 1$j133548$qDDC 21$B132580$CPULBib$Z2$F132580 $H110965 $82 941 1 $a9 996 $6020$z978-88-311-3370-8*$9(OLS)http://pul/number/141381 996 $6245$aNell'intimo di Dio :$bla teologia trinitaria di Hans Urs von Balthasar$9(OLS)http://pul/title/146443 996 $6260$aRoma :$bCittà Nuova$9(OLS)http://pul/publisher/47927 LEADER 01623naa a2200337 u 4500 001 000000173029 003 CaOOAMICUS 005 20200120133514.0 008 200120s2019 it aoh u000 u ita u 020 $z978-88-9387-106-8* 032 $aLibriCat 040 $aPUL$bita$d 041 1 $aita$heng 082 00$a735 245 00$aIncontro e abbraccio nella scultura del Novecento da Rodin a Mitoraj /$ca cura di Alfonso Pluchinotta. 260 $aPadova :$bPoligrafo,$c2019. 300 $a256 p. :$bill., fotog., facsim. ;$c28 cm. 500 $aTraduzione in inglese a fronte dei contributi. 500 $aIl catalogo contiene un contributo di Patrizia Manganaro. 500 $aCatalogo della mostra "Incontro e abbraccio nella scultura del Novecento da Rodin a Mitoraj", Padova, Palazzo del Monte di Pietà 16 novembre 2019 - 9 febbraio 2020. 504 $aBibliografia : p. 339-360. 650 4$aScultura$ySec. XX.$0(OLS)http://pul/subject/46198 700 1 $aManganaro, Patrizia,$d1964-$0(OLS)http://pul/name/26746 700 1 $aPluchinotta, Alfonso.$0(OLS)http://pul/name/111140 850 $aPUL 852 $aPUL$W1$xSL Cons. Gen., Altre Classi 3$y75$m735 PLUAL 1$j197016$qDDC 21$B201790$CPULBib$Z2$F201790 $H133901 $82 996 $6020$z978-88-9387-106-8*$9(OLS)http://pul/number/167021 996 $6082$a735$9(OLS)http://pul/classification/3261 996 $6245$aIncontro e abbraccio nella scultura del Novecento da Rodin a Mitoraj$9(OLS)http://pul/title/214072 996 $6260$aPadova :$bPoligrafo$9(OLS)http://pul/publisher/79737